| 000 | 00945cam a2200289 i 4500 | ||
|---|---|---|---|
| 999 |
_c200443454 _d61666 |
||
| 001 | 200443454 | ||
| 003 | TR-AnTOB | ||
| 005 | 20210913151345.0 | ||
| 007 | ta | ||
| 008 | 081106s2014 tu a 000 0 tur d | ||
| 037 |
_a46173 _bTVG |
||
| 040 |
_aTVG _beng _erda _cTVG _dTR-AnTOB |
||
| 041 | 0 | _atur | |
| 050 | 0 | 0 |
_aPK6373.5 _b.M84 2014 |
| 090 |
_aPK6373.5 _b.M84 2014 |
||
| 245 | 0 | 0 |
_aMuğlalı Şahidi Dede: _b(hayati-şahsiyeti-eserleri) / _c[hazırlayan Dr. Mustafa Çıpan]. |
| 264 | 1 |
_aKonya: _bİlim Yayma Cemiyeti Muğla Şubesi, _c2014. |
|
| 300 |
_a64 pages : _billustrations ; _c21 cm |
||
| 336 |
_2rdacontent _atext _btxt |
||
| 337 |
_2rdamedia _aunmediated _bn |
||
| 338 |
_2rdacarrier _avolume _bnc |
||
| 490 | 0 |
_aİlim Yayma Cemiyeti Muğla Şubesi Yayınları, _v1 |
|
| 600 | 0 | 0 |
_aŞahidî İbrahim Dede, _d1470-1550 _9132583 |
| 700 | 1 |
_948709 _aÇıpan, Mustafa, _eeditor _d1960- |
|
| 942 |
_2lcc _cBK |
||